AI Adoption in Manufacturing Sector: International Trends and Implications

Enregistré dans:
Détails bibliographiques
Auteur principal: Pallérová, Diana, 1999-
Format: Chapitre de livre
Langue:anglais
Sujets:
Tags: Ajouter un tag
Pas de tags, Soyez le premier à ajouter un tag!

MARC

LEADER 00000naa$a2200000$$$4500
001 0314407
005 20260126080709.3
041 0 |a eng 
044 |a SK 
245 1 0 |a AI Adoption in Manufacturing Sector: International Trends and Implications  |c Diana Pallérová 
610 2 0 |a ekonómia 
610 2 0 |a manažment 
610 2 0 |a podnikanie 
610 2 0 |a digitalizácia 
610 2 0 |a financie 
100 1 |a Pallérová, Diana, 1999-